000 01116nam a2200289 i 4500
001 000045356
003 DO-SdBNP
005 20241029133848.0
007 ta
008 150305s2014 dr ac 001 0 spa d
020 _a9789945081558
040 _aDO-SdBNP
_bspa
_cBNPHU
_erda
082 4 _222
_axxx
_bÁ958c
100 1 _aÁvila Suero, Víctor,
_eautor
_4aut.
_92824
245 1 0 _aComisarios, Toros y Peregrinos hacia los Santuarios del Este /
_cVíctor Ávila Suero ; presentación, Bolívar Troncoso Morales.
264 4 _aSanto Domingo :
_bEditora Instituto Panamericano de Geografía e Historia,
_c2014.
300 _a362 páginas :
_bilustraciones, retratos ;
_c25 cm.
336 _atexto
_btxt
_2rdacontent
337 _asin mediación
_bn
_2rdamedia
338 _avolumen
_bnc
_2rdacarrier
500 _aIncluye referencias bibliográficas y notas a pie de las páginas
500 _aIncluye índice onomástico, de lugares y temático
504 _aBibliografía : páginas 341-342
590 _aInventariado, 2024/BT
700 1 _aTroncoso Morales, Bolívar,
_epresntación
_910922
942 _2ddc
_cLBS1
999 _c44845
_d44845